| 000 | 00699nam a22001937a 4500 | ||
|---|---|---|---|
| 999 |
_c197273 _d197273 |
||
| 005 | 20230821111321.0 | ||
| 010 | _aUR-12140 | ||
| 020 |
_a9789393785817 _c250.00 |
||
| 035 | _aU-10695 | ||
| 037 | _bDBAD/PUB | ||
| 082 | _a841 | ||
| 100 | _aشبیر احمد مص باحی | ||
| 245 |
_aمعا صر مشا ہر ادب کا انٹر ویو نامہ / _cشبیر احمد مص باحی |
||
| 246 |
_aMaasir Mashahir-E-Adab ka Interview Nama / _bby Shabir Ahmad Misbahi |
||
| 260 |
_aNew Delhi _bEducational Publishing House _c2022 ء |
||
| 270 |
_aH.O. D1/16, Ansari Road, Darya Ganj _bNew Delhi _e110002 |
||
| 300 |
_a183 ص _c23cm(Hb) |
||
| 942 |
_2ddc _cUR _mش ب ی _e _h841 |
||